[Event "CZE-chT2A 1920"]
[Site "Czech Republic"]
[Date "2020.02.23"]
[Round "9.3"]
[White "Stinka, Jakub"]
[Black "Hlavacek, Jiri"]
[Result "1-0"]
[WhiteElo "2263"]
[BlackElo "2097"]
[PlyCount "58"]
[EventDate "2019.10.13"]
[EventType "team-tourn"]
[EventRounds "11"]
[EventCountry "CZE"]
[SourceTitle "EXT 2024"]
[Source "ChessBase"]
[SourceDate "2023.10.10"]
[SourceVersion "1"]
[SourceVersionDate "2023.10.10"]
[SourceQuality "1"]
[WhiteTeam "Pisek"]
[BlackTeam "Pribram Banik"]
[WhiteTeamCountry "CZE"]
[BlackTeamCountry "CZE"]

1. d4 f5 2. Nc3 d5 3. Bg5 Nf6 4. Bxf6 exf6 5. e3 c6 6. Bd3 Bd6 7. Qf3 g6 8. Nge2 Be6 9. 0-0-0 Nd7 10. h3 Qe7 11. Nf4 Rg8 12. Nxe6 Qxe6 13. g4 fxg4 14. hxg4 Rg7 15. e4 dxe4 16. Bxe4 Qf7 17. Rhe1 Kf8 18. Kb1 Rd8 19. Re2 Nb6 20. Bd3 Be7 21. Rde1 Rd7 22. Ne4 Rxd4 23. Qe3 Rd7 24. Nc5 Ke8 25. Qg3 Qd5 26. Ne6 Bd6 27. Nc7+ Kf7 28. Nxd5 Bxg3 29. Nxb6 axb6 1-0

[Event "CZE-chT2A 1819"]
[Site "Czech Republic"]
[Date "2019.02.10"]
[Round "8.4"]
[White "Hlavacek, Jiri"]
[Black "Petr, Jakub"]
[Result "1/2-1/2"]
[WhiteElo "2045"]
[BlackElo "2183"]
[PlyCount "101"]
[EventDate "2018.10.14"]
[EventType "team-tourn"]
[EventRounds "11"]
[EventCountry "CZE"]
[SourceTitle "EXT 2022"]
[Source "ChessBase"]
[SourceDate "2021.10.06"]
[SourceVersion "1"]
[SourceVersionDate "2021.10.06"]
[SourceQuality "1"]
[WhiteTeam "Pribram Banik"]
[BlackTeam "Praha Bohemians"]
[WhiteTeamCountry "CZE"]
[BlackTeamCountry "CZE"]

1. e4 c5 2. b3 g6 3. Bb2 Nf6 4. f4 Bg7 5. Nf3 0-0 6. Qe2 Nc6 7. g3 d6 8. Bg2 Nh5 9. Bxg7 Kxg7 10. 0-0 Bg4 11. Qe3 Qd7 12. Nc3 Rae8 13. Nd5 Nf6 14. Qc3 Bxf3 15. Bxf3 Nd4 16. Qd3 Nxd5 17. exd5 e5 18. fxe5 Rxe5 19. Rae1 Rfe8 20. Rxe5 Rxe5 21. c3 Nxf3+ 22. Rxf3 Qh3 23. Rf1 Qh5 24. c4 Re2 25. h4 Qe5 26. Rf2 Rxf2 27. Kxf2 f5 28. Qe3 Qxe3+ 29. Kxe3 Kf6 30. d4 b6 31. a3 a5 32. Kd3 g5 33. hxg5+ Kxg5 34. dxc5 bxc5 35. Kc3 f4 36. gxf4+ Kxf4 37. b4 axb4+ 38. axb4 cxb4+ 39. Kxb4 Ke5 40. c5 Kxd5 41. cxd6 Kxd6 42. Kc4 Ke5 43. Kd3 Kf4 44. Ke2 Kg3 45. Kf1 Kh2 46. Kf2 h5 47. Kf1 h4 48. Kf2 h3 49. Kf1 Kh1 50. Kf2 h2 51. Kf1 1/2-1/2

[Event "CZE-chT2A 1819"]
[Site "Czech Republic"]
[Date "2018.10.14"]
[Round "1.5"]
[White "Vlach, Martin"]
[Black "Hlavacek, Jiri"]
[Result "0-1"]
[WhiteElo "1952"]
[BlackElo "2045"]
[PlyCount "80"]
[EventDate "2018.10.14"]
[EventType "team-tourn"]
[EventRounds "11"]
[EventCountry "CZE"]
[SourceTitle "EXT 2022"]
[Source "ChessBase"]
[SourceDate "2021.10.06"]
[SourceVersion "1"]
[SourceVersionDate "2021.10.06"]
[SourceQuality "1"]
[WhiteTeam "Strakonice"]
[BlackTeam "Pribram Banik"]
[WhiteTeamCountry "CZE"]
[BlackTeamCountry "CZE"]

1. e4 c5 2. Nf3 Nc6 3. d4 cxd4 4. c3 e5 5. cxd4 exd4 6. Bc4 Nf6 7. 0-0 Bc5 8. e5 d5 9. exf6 dxc4 10. Re1+ Be6 11. Ng5 Qd5 12. Nc3 Qf5 13. g4 Qxf6 14. Nxe6 fxe6 15. Ne4 Qf8 16. Qa4 Bb4 17. Nd2 a6 18. Qc2 b5 19. Rxe6+ Kd7 20. Qe4 Bd6 21. Nf3 Re8 22. Ng5 Rxe6 23. Qxe6+ Kc7 24. Nf7 Nd8 25. Nxd8 Qxd8 26. Bd2 Qf6 27. Ba5+ Kb8 28. Qxf6 gxf6 29. Re1 Rg8 30. h3 h5 31. Re4 hxg4 32. hxg4 f5 33. Rxd4 Rxg4+ 34. Rxg4 fxg4 35. b3 Kb7 36. f3 g3 37. bxc4 bxc4 38. Bc3 Kc6 39. a4 Kd5 40. Kg2 Be5 0-1

[Event "Rakovnik Regional-chT 1415"]
[Site "Rakovnik"]
[Date "2014.11.09"]
[Round "2.3"]
[White "Pychova, Nela"]
[Black "Hlavacek, Jiri"]
[Result "0-1"]
[WhiteElo "1932"]
[BlackElo "2169"]
[PlyCount "114"]
[EventDate "2014.10.19"]
[EventType "team-tourn"]
[EventRounds "11"]
[EventCountry "CZE"]
[SourceTitle "EXT 2016"]
[Source "ChessBase"]
[SourceDate "2015.10.08"]
[SourceVersion "1"]
[SourceVersionDate "2015.10.08"]
[SourceQuality "1"]
[WhiteTeam "Vlasim II"]
[BlackTeam "Pribram Pyrit"]
[WhiteTeamCountry "CZE"]
[BlackTeamCountry "CZE"]

1. c4 e5 2. Nc3 Nc6 3. Nf3 f5 4. d4 e4 5. Ng5 h6 6. Nh3 g5 7. e3 Nf6 8. Be2 Bg7 9. Bh5+ Kf8 10. Bd2 d6 11. Be2 Ne7 12. Qc2 c6 13. Ng1 Be6 14. f3 d5 15. 0-0-0 a6 16. Rf1 b5 17. c5 Ke8 18. Qd1 Ng6 19. Nh3 Ra7 20. Nf2 Qd7 21. Rhg1 Nh4 22. g3 Nxf3 23. Bxf3 exf3 24. Qxf3 Rf8 25. Qe2 Ne4 26. Nfxe4 dxe4 27. Qh5+ Bf7 28. Qh3 Bc4 29. Rf2 a5 30. g4 b4 31. Na4 fxg4 32. Qh5+ Bf7 33. Qxg4 Qxg4 34. Rxg4 Re7 35. Rg1 Bxa2 36. Rgf1 Ref7 37. Rxf7 Rxf7 38. Rxf7 Kxf7 39. Nb6 Be6 40. Kd1 h5 41. Ke2 Bf6 42. Kf2 h4 43. Kg2 g4 44. Be1 Ke8 45. Bd2 Kd8 46. Bc1 Kc7 47. Kf2 Kb7 48. Kg2 Bd8 49. Bd2 Ka6 50. Bc1 Kb5 51. Bd2 a4 52. Be1 b3 53. Bc3 Bc7 54. Kg1 h3 55. Kh1 g3 56. hxg3 Bxg3 57. Kg1 Bg4 0-1

[Event "CZE-chT2A 0809"]
[Site "Czech Republic"]
[Date "2009.02.08"]
[Round "8.3"]
[White "Hlavacek, Jiri"]
[Black "Petr, Jan"]
[Result "1-0"]
[WhiteElo "2185"]
[BlackElo "2220"]
[PlyCount "111"]
[EventDate "2008.10.12"]
[EventType "team-tourn"]
[EventRounds "11"]
[EventCountry "CZE"]
[SourceTitle "EXT 2010"]
[Source "ChessBase"]
[SourceDate "2010.11.25"]
[SourceVersion "1"]
[SourceVersionDate "2010.11.25"]
[SourceQuality "1"]
[WhiteTeam "Pribram Pyrit"]
[BlackTeam "Praha Pankrac II"]
[WhiteTeamCountry "CZE"]
[BlackTeamCountry "CZE"]

1. d4 d5 2. Bg5 c6 3. e3 Bf5 4. Bd3 Bg6 5. Ne2 Nd7 6. 0-0 Qb6 7. Nbc3 e5 8. Bxg6 hxg6 9. e4 dxe4 10. dxe5 Qc7 11. Bf4 0-0-0 12. Qd4 Nc5 13. Qe3 Nh6 14. Nxe4 Nf5 15. Qf3 Ne6 16. Rfd1 Be7 17. g4 Nh4 18. Qe3 Nxf4 19. Qxf4 Qxe5 20. Qxe5 Nf3+ 21. Kg2 Nxe5 22. h3 f5 23. gxf5 gxf5 24. N4g3 g6 25. Nf4 Bf6 26. b3 Rh4 27. Rxd8+ Kxd8 28. Rd1+ Ke7 29. Nxg6+ Nxg6 30. Nxf5+ Ke6 31. Nxh4 Nxh4+ 32. Kg3 Nf5+ 33. Kg4 Bd4 34. Re1+ Kf6 35. Re8 Nd6 36. Re2 b5 37. h4 b4 38. h5 Nf7 39. f3 Be5 40. f4 Bc3 41. Re8 Nh6+ 42. Kf3 Nf5 43. Rc8 Kg7 44. Rc7+ Kh6 45. Rxc6+ Kxh5 46. Ke4 Ng3+ 47. Kd3 Kg4 48. Ra6 Be1 49. Rxa7 Kxf4 50. Re7 Bf2 51. Kc4 Nf5 52. Re2 Kf3 53. Rxf2+ Kxf2 54. Kxb4 Kf3 55. Kc5 Ke4 56. a4 1-0

[Event "CZE-chT2a 0607"]
[Site "Czech Republic"]
[Date "2007.02.11"]
[Round "7.3"]
[White "Volak, Michal"]
[Black "Hlavacek, Jiri"]
[Result "1-0"]
[WhiteElo "2147"]
[BlackElo "2216"]
[PlyCount "65"]
[EventDate "2006.10.15"]
[EventType "team"]
[EventRounds "11"]
[EventCountry "CZE"]
[SourceTitle "EXT 2009"]
[Source "ChessBase"]
[SourceDate "2008.11.26"]
[SourceVersion "1"]
[SourceVersionDate "2008.11.26"]
[SourceQuality "1"]
[WhiteTeam "Tabor II"]
[BlackTeam "Pribram Alva"]
[WhiteTeamCountry "CZE"]
[BlackTeamCountry "CZE"]

1. d4 d6 2. c4 f5 3. Nf3 Nf6 4. Nc3 c6 5. Qc2 g6 6. e4 fxe4 7. Nxe4 Nxe4 8. Qxe4 Bf5 9. Qe3 Na6 10. a3 Bg7 11. Bd2 0-0 12. Be2 c5 13. Bc3 Qd7 14. 0-0 Rae8 15. Rad1 Qa4 16. dxc5 Bxc3 17. Qxc3 Nxc5 18. Nd4 Bc8 19. Bf3 Qd7 20. b4 Na4 21. Qb3 a6 22. Bd5+ e6 23. Nxe6 Rxe6 24. Bxe6+ Qxe6 25. Qxa4 Bd7 26. Qc2 Bc6 27. Rd4 Rf5 28. Qd2 Rf6 29. Rd1 Qe5 30. Re1 Qf5 31. Qe3 Kg7 32. Qg3 Qc2 33. Rxd6 1-0

[Event "CZE-chT2a 0607"]
[Site "Czech Republic"]
[Date "2006.11.19"]
[Round "3.3"]
[White "Hlavacek, Jiri"]
[Black "Ptacnik, Stanislav"]
[Result "1-0"]
[WhiteElo "2216"]
[BlackElo "2130"]
[PlyCount "55"]
[EventDate "2006.10.15"]
[EventType "team"]
[EventRounds "11"]
[EventCountry "CZE"]
[SourceTitle "EXT 2009"]
[Source "ChessBase"]
[SourceDate "2008.11.26"]
[SourceVersion "1"]
[SourceVersionDate "2008.11.26"]
[SourceQuality "1"]
[WhiteTeam "Pribram Alva"]
[BlackTeam "Domazlice"]
[WhiteTeamCountry "CZE"]
[BlackTeamCountry "CZE"]

1. e4 e5 2. d4 exd4 3. Nf3 Nc6 4. c3 d3 5. Bxd3 d6 6. h3 Be7 7. 0-0 g5 8. Nd4 Nxd4 9. cxd4 h5 10. f4 g4 11. f5 gxh3 12. gxh3 Bh4 13. Nc3 Nf6 14. Bf4 Qe7 15. Kh2 c6 16. Rc1 Rg8 17. e5 dxe5 18. dxe5 Nd7 19. e6 fxe6 20. Qxh5+ Kd8 21. Rg1 Rf8 22. Rg4 Bf6 23. fxe6 Qxe6 24. Bc4 Qe7 25. Rd1 Rh8 26. Qxh8+ Bxh8 27. Rg8+ Qe8 28. Bg5+ 1-0

[Event "CZE-chT2a 0405"]
[Site "Czech Republic"]
[Date "2004.11.21"]
[Round "3.2"]
[White "Hlavacek, Jiri"]
[Black "Kubecka, David"]
[Result "1/2-1/2"]
[WhiteElo "2225"]
[BlackElo "2257"]
[PlyCount "97"]
[EventDate "2004.10.17"]
[EventType "team"]
[EventRounds "11"]
[EventCountry "CZE"]
[SourceTitle "EXT 2007"]
[Source "ChessBase"]
[SourceDate "2006.11.23"]
[SourceVersion "1"]
[SourceVersionDate "2006.11.23"]
[SourceQuality "1"]
[WhiteTeam "Pribram"]
[BlackTeam "Vrsovice"]
[WhiteTeamCountry "CZE"]
[BlackTeamCountry "CZE"]

1. e4 e5 2. d4 exd4 3. Nf3 Nc6 4. c3 d3 5. Bxd3 d6 6. h3 Nf6 7. 0-0 Be7 8. Nbd2 0-0 9. Nd4 Ne5 10. Bc2 c5 11. Ne2 d5 12. f4 Nc6 13. e5 Ne8 14. Nf3 f5 15. Be3 Be6 16. Qe1 Nc7 17. Qf2 b6 18. Rfd1 Qc8 19. a3 a5 20. a4 g6 21. Kh1 Kh8 22. Qg1 Qb7 23. Rf1 Rad8 24. Rad1 Rd7 25. Bf2 h6 26. Bh4 Kh7 27. Bxe7 Rxe7 28. Rd2 Qc8 29. Qf2 Rd7 30. Rg1 Rg8 31. Kh2 Qd8 32. Ng3 Kh8 33. Rgd1 Qe7 34. Nf1 g5 35. g3 gxf4 36. gxf4 Qh7 37. Ng3 Qf7 38. Nh4 Ne7 39. Qf3 Ne8 40. Bb3 Ng7 41. Bc2 Rgd8 42. Qe3 Nh5 43. Ne2 Rg8 44. Rg1 Rdd8 45. Rdd1 Kh7 46. Qf2 Rg7 47. Rxg7+ Nxg7 48. Rg1 Nh5 49. Bd1 1/2-1/2

[Event "CZE-chTJ 0102"]
[Site "Czech Republic"]
[Date "2002.??.??"]
[Round "3"]
[White "Vojta, Tomas"]
[Black "Hlavacek, Jiri"]
[Result "1-0"]
[WhiteElo "2226"]
[BlackElo "2211"]
[PlyCount "80"]
[EventDate "2001.??.??"]
[EventType "team"]
[EventRounds "11"]
[EventCountry "CZE"]
[SourceTitle "EXT 2003"]
[Source "ChessBase"]
[SourceDate "2002.11.25"]
[SourceVersion "1"]
[SourceVersionDate "2002.11.25"]
[SourceQuality "1"]
[WhiteTeam "Vlasim"]
[BlackTeam "Pribram"]
[WhiteTeamCountry "CZE"]
[BlackTeamCountry "CZE"]

1. e4 d5 2. exd5 Nf6 3. Nf3 Nxd5 4. d4 g6 5. Be2 Bg7 6. 0-0 0-0 7. c4 Nb6 8. h3 Nc6 9. d5 Ne5 10. Nxe5 Bxe5 11. Qb3 e6 12. Nc3 exd5 13. Nxd5 Nd7 14. Be3 c6 15. Nc3 Qe7 16. Rad1 Re8 17. Rfe1 Nf8 18. Bf1 Ne6 19. Qc2 Qc7 20. b4 Bd7 21. c5 Rad8 22. Ne4 Bc8 23. f4 Bg7 24. Nd6 Re7 25. Bc4 Nf8 26. Bf2 Rxe1+ 27. Rxe1 Be6 28. Bd3 Rxd6 29. cxd6 Qxd6 30. f5 gxf5 31. Bxf5 Qxb4 32. Rb1 Qf4 33. Bxe6 Nxe6 34. Qd3 Qb8 35. Qd7 b6 36. Qxc6 Nd4 37. Qe4 Ne6 38. Rc1 Qd8 39. Be3 h6 40. Kh1 Kh8 1-0

[Event "CZE-chTJ 0001"]
[Site "Czech Republic"]
[Date "2001.??.??"]
[Round "3"]
[White "Krejcik, Jiri"]
[Black "Hlavacek, Jiri"]
[Result "1/2-1/2"]
[WhiteElo "2080"]
[BlackElo "2185"]
[PlyCount "95"]
[EventDate "2000.??.??"]
[EventType "team"]
[EventRounds "11"]
[EventCountry "CZE"]
[SourceTitle "EXT 2003"]
[Source "ChessBase"]
[SourceDate "2002.11.25"]
[SourceVersion "1"]
[SourceVersionDate "2002.11.25"]
[SourceQuality "1"]

1. e4 c5 2. Nf3 Nc6 3. d4 cxd4 4. Nxd4 e5 5. Nb5 a6 6. Nd6+ Bxd6 7. Qxd6 Qf6 8. Qd1 Qg6 9. Nc3 d5 10. Nxd5 Qxe4+ 11. Be3 Nd4 12. Nc7+ Ke7 13. Qd3 Nxc2+ 14. Kd2 Qxd3+ 15. Bxd3 Nxe3 16. Nxa8 Nd5 17. Rac1 Ngf6 18. Nc7 Nb4 19. a3 Nc6 20. Nxa6 Rd8 21. f3 Bf5 22. Nc5 Bxd3 23. Nxd3 e4 24. fxe4 Ne5 25. Rc7+ Ke6 26. Rxb7 Rxd3+ 27. Kc2 Nxe4 28. Rd1 Re3 29. Rb6+ Kf5 30. Rf1+ Kg5 31. Rb5 f6 32. a4 Re2+ 33. Kc1 Nd6 34. Rb3 h5 35. a5 Nec4 36. a6 Re7 37. Rd1 Ra7 38. Rg3+ Kh6 39. b3 Ne4 40. Rf3 Ne5 41. Re3 Nc5 42. Rd6 Rxa6 43. Rxa6 Nxa6 44. Kb2 Nb4 45. Kc1 Nd5 46. Re4 Kg6 47. Rd4 Ne7 48. Kc2 1/2-1/2